| 000 | 00963cam a22002175a 4500 | ||
|---|---|---|---|
| 001 | L151312 | ||
| 008 | 101019s2010 xxk 000 0 eng d | ||
| 035 | _a(Sirsi) u151312 | ||
| 041 | 0 | _aeng | |
| 100 | 1 | _aIves, Paul | |
| 245 | 0 | 0 |
_aBoardrooms or bathrooms? _bthe other side of the City Office market |
| 260 | _c2010 | ||
| 490 | 0 |
_aSustainablebuilding inc Propertyforecast _v(45) September 2010, 13(1) |
|
| 520 | _aExamines the prospects for secondary, Grade B stock in the City office market and finds residential conversion of 1960s, 1970s and 1980s office space an increasingly attractive option there. Figure illustrates City of London 2010 proposed office conversions by type. | ||
| 590 | _aKA | ||
| 651 | 4 | _aLondon | |
| 690 | _aPROPERTY-COMMERCIAL PROPERTY-OFFICE PROPERTY | ||
| 690 | _aPROPERTY-COMMERCIAL PROPERTY-COMMERCIAL PROPERTY MARKET | ||
| 690 | _aPROPERTY-COMMERCIAL PROPERTY-COMMERCIAL PROPERTY FINANCE AND INVESTMENT | ||
| 942 | _n0 | ||
| 999 |
_c82762 _d82762 |
||